LEADER 01267nam a2200277 4500 001 000000350637 003 CaOOAMICUS 005 20220623103431.0 008 220623s2018 it 000 u ita r 020 $a978-88-430-9395-3 040 $aSeMil$bita 100 1 $aLarson, Pär.$0(OLS)http://semarc/name/48345 245 13$aLa lingua delle cantigas :$bgrammatica del galego-portoghese /$cPär Larson. 264 3$aRoma :$bCarocci,$c2018. 300 $a139 p. ;$c22 cm 490 1 $aLingue e letterature Carocci ;$v273 490 1 $aLingue e letterature Carocci. Serie Finisterrae ;$v6 650 4$aLingua gallego-portoghese - Grammatica.$0(OLS)http://semarc/subject/52489 830 0$aLingue e letterature Carocci ;$v273.$0(OLS)http://semarc/title/438260 830 0$aLingue e letterature Carocci. Serie Finisterrae ;$v6.$0(OLS)http://semarc/title/440432 850 $aSeMil 852 $aSeMil$W1$xVenegono$y1$m1Q II 146$j233321$B241642$CSeMilBibl$Z2$F241642 $81 996 $6020$a978-88-430-9395-3$9(OLS)http://semarc/number/296128 996 $6245$aLa lingua delle cantigas :$bgrammatica del galego-portoghese$9(OLS)http://semarc/title/440431 996 $6264$aRoma :$bCarocci$9(OLS)http://semarc/publisher/31977 LEADER 00961nam a2200229 i 4500 001 000000226654 003 CaOOAMICUS 005 20140129000000.0 008 140129s1990 it u000 u ita u 013 $a205556 040 $aSeMil$bita 245 10$aPittura russa dal museo di Kiev, 1800-1950. 260 $aTorre Canavese :$bGalleria Datrino,$c1990. 300 $a134 p. :$bill. ;$c31 cm. 500 $aCatalogo della mostra. - Testo anche in inglese e russo. 650 4$aArte sovietica.$0(OLS)http://semarc/subject/35528 650 4$aPittura russa - 1800-1950.$0(OLS)http://semarc/subject/41129 850 $aSeMil 852 $aSeMil$W1$xVenegono$y1$m5H IX 92$j177000$B177000$CSeMilBibl$Z2$F188189 $81 961 $aOmaggio: Grampa dott. Cesare 996 $6245$aPittura russa dal museo di Kiev, 1800-1950$9(OLS)http://semarc/title/324499 996 $6260$aTorre Canavese :$bGalleria Datrino$9(OLS)http://semarc/publisher/53499